000 00778nam a2200241 a 4500
999 _c1192
_d1192
008 191209s2010 ii ad||g |||| 001 0 eng d
020 _a9780230330641
_cRs. 285.00
040 _aKO
_beng
041 0 _aeng
044 _aii
082 0 4 _223
_a658.4038011
_bG748
100 1 _aGoyal, D. P.
245 1 0 _aManagement Information Systems :
_bmanagerial perspectives /
_cD. P. Goyal
250 _a3rd ed.
260 _aNew Delhi :
_bMacmillan Publishers India Ltd. ,
_c2010.
300 _axviii, 382 p. :
_bill. ;
_c28 cm.
504 _aIncludes Index.
650 0 _aSociotechnical systems
_xDashboards (Management information systems)
_vTextbooks
650 0 _aSociotechnical systems
_xEnterprise resource planning
_vTextbooks
904 _aA_BOSE
942 _cBK